000 00363nam a22001577a 4500
020 _a978-93-5072-595-5
082 _aH3
_bRAJ/Y
100 _aRajni Gupt
245 _aYe aam rasta nahin/
_cby Rajni Gupt
260 _aNew Delhi:
_bVani,
_c2013.
300 _a152p.
650 _aNovel Hindi
650 _aLiterature Hindi
650 _aLiterature
942 _cBK
999 _c52728
_d52728